000 00986nam a2200301Ia 4500
001 Z_579
003 CHAP
008 220113s1985 xx 000 0 und d
010 _a163689
040 _cCHAP
090 _aTesis O 344
100 _aOrtíz López, Ildefonso Carlos
_983998
245 _aEfecto de la carga animal sobre la producción de carne con novillos en pastoreo de bermuda cruza uno (Cynodon Dactylon X C1 Niemfluencis) /
_cpor Ildefonso Carlos Ortíz López
260 _aChapingo, Méx. :
_bEl autor,
_c1985
300 _a22 h
502 _aTesis (Ing. Agrónomo Esp. en Zootecnia) -- UACH. Departamento de Zootecnia
650 _aCoeficiente de agostadero
_924319
650 _aCynodon dactylon
_930800
650 _aGanado de carne
_xProducción
_945104
650 _aGanado vacuno
_xPastoreo
_945502
650 _aGanado vacuno
_xPeso
_945504
901 _aTESIS O 344
902 _aM
910 _a1985
942 _c2
942 _c2
999 _c163689
_d163689